| 000 -LEADER | |
|---|---|
| fixed length control field | 00398nam a22001697a 4500 |
| 005 - DATE AND TIME OF LATEST TRANSACTION | |
| control field | 20160630150107.0 |
| 008 - FIXED-LENGTH DATA ELEMENTS--GENERAL INFORMATION | |
| fixed length control field | 160630b xxu||||| |||| 00| 0 eng d |
| 020 ## - INTERNATIONAL STANDARD BOOK NUMBER | |
| ISBN | 978-93-5027-018-9 |
| 041 ## - LANGUAGE CODE | |
| Language code of text/sound track or separate title | eng |
| 082 ## - DEWEY DECIMAL CLASSIFICATION NUMBER | |
| Item number | 19924 |
| 100 ## - MAIN ENTRY--AUTHOR NAME | |
| Personal name | Aggarwal RS |
| 245 ## - TITLE STATEMENT | |
| Title | Mathematics Class XI |
| 260 ## - PUBLICATION, DISTRIBUTION, ETC. (IMPRINT) | |
| Name of publisher | Bharti Bhawan |
| Year of publication | 2014 |
| 300 ## - PHYSICAL DESCRIPTION | |
| Number of Pages | 2163 |
| 650 ## - SUBJECT ADDED ENTRY--TOPICAL TERM | |
| Topical Term | Diploma Engineering |
| 942 ## - ADDED ENTRY ELEMENTS (KOHA) | |
| Koha item type | Books |
| Lost status | Damaged status | Collection code | Home library | Current library | Shelving location | Date acquired | Cost, normal purchase price | Full call number | Accession Number | Koha item type |
|---|---|---|---|---|---|---|---|---|---|---|
| PHARMACY | JRU Library | SHELF-57-A | 30/06/2016 | 345.00 | 19924 | 19924 | Books | |||
| JRU Library | Shelf - 9 - L | 30/06/2016 | 345.00 | 19924 | 19925 | Books | ||||
| CS/IT | JRU Library | SHELF-57-B | 30/06/2016 | 345.00 | 19924 | 19926 | Books | |||
| CS/IT | JRU Library | SHELF-57-B | 30/06/2016 | 345.00 | 19924 | 19927 | Books | |||
| CS/IT | JRU Library | SHELF-57-B | 30/06/2016 | 345.00 | 19924 | 19928 | Books | |||
| Missing | JRU Library | JRU Library | 30/06/2016 | 345.00 | 19924 | 19929 | Books | |||
| CS/IT | JRU Library | SHELF-57-B | 30/06/2016 | 345.00 | 19924 | 19930 | Books | |||
| JRU Library | Shelf - 9 - L | 30/06/2016 | 345.00 | 19924 | 19931 | Books | ||||
| CS/IT | JRU Library | SHELF-57-B | 30/06/2016 | 345.00 | 19924 | 19932 | Books | |||
| CS/IT | JRU Library | SHELF-57-B | 30/06/2016 | 345.00 | 19924 | 19933 | Books |